[Event "Nordic-ch VISA"]
[Site "Reykjavik"]
[Date "1997.10.11"]
[Round "4"]
[White "Djurhuus, Rune"]
[Black "Hector, Jonny"]
[Result "0-1"]
[WhiteElo "2525"]
[BlackElo "2470"]
[Annotator "Wedberg,T"]
[PlyCount "80"]
[EventDate "1997.10.08"]
[EventType "tourn"]
[EventRounds "13"]
[EventCountry "ISL"]
[EventCategory "10"]
[SourceTitle "CBM 062"]
[Source "ChessBase"]
[SourceDate "1998.01.31"]
[SourceVersion "1"]
[SourceVersionDate "1998.01.31"]
[SourceQuality "1"]

{Djurhuus tries a new move. Hector complicates, that could have cost him the
point, but in the end his tactics wins the game.} 1. e4 {Tisdall} e5 2. Nf3 Nc6
3. Bb5 a6 4. Bxc6 dxc6 5. O-O Qd6 6. Na3 b5 7. c3 c5 8. Qe2 $146 {Tisdall:
This move appears to be a novelty, at least in database terms. It seems
terribly natural, though a trifle slow, to wish to achieve d2-d4 with a rook
at d1.} (8. Nc2 Ne7 9. d4 {->1/2-1/2 De la Villa Garcia,J-Leko,P/Pamplona9394
1993/CBM 39/[Wedberg] (29)} (9. a4 {->1-0 Shirov,A-Short,N/Koop Tjuchem 1996/
CBM 57/[Shirov] (41)})) (8. d4 {Tisdall: is perhaps the most critical, but
Black's resources look sufficient:} cxd4 9. cxd4 exd4 10. Nxd4 Bb7 (10... c5 {N
} 11. Nb3 Qxd1 12. Rxd1 Nf6 13. f3 $6 ({Wedberg assesses} 13. Bg5 Be6 14. Bxf6
gxf6 15. Rac1 Rc8 16. Nb1 {as slightly better for white.}) 13... Be6 14. Be3
Nd7 15. Nb1 Rc8 16. Nc3 c4 17. Nd4 Ne5 18. Nxe6 fxe6 19. Ne2 Kf7 {with a very
comfortable position for black, (0-1, 34), Timman - Short, Riga/Tal 1995.}) 11.
Be3 c5 12. Nf5 Qxd1 13. Rfxd1 Bxe4 14. Nd6+ Bxd6 15. Rxd6 Nf6 16. f3 Bg6 17.
Bxc5 {1/2-1/2 Anand,V-Short,N/Riga Tal 1995}) 8... Bb7 ({Tisdall: Now} 8... Bg4
{followed by placing the rook on d8 looks like an equally natural method of
prophylaxis against white's plan, but Hector prefers a very lively
continuation, aimed at maximizing his main positional trump, the unopposed
light-squared bishop.}) 9. Rd1 O-O-O {Tisdall: This looks risky, but line
opening to try and exploit black's king position or slightly backward
development also enhances the scope of black's best pieces.} 10. d4 exd4 {
Tisdall: Not a reflex capture - Hector wishes to increase pressure against e4
as well as maintaining a pawn mass in front of his king.} 11. cxd4 Qe7 $6 (
11... cxd4 $142 12. Rxd4 Qg6 $36 {Black can develop and attack at the same
time with moves like Bc5/d6, Nf6 and Rhe8.}) 12. e5 (12. dxc5 {Tisdall} Rxd1+
13. Qxd1 Qxe4 14. Be3 Nf6 {Tisdall: should favor black - white's chances to
open lines on the queenside do not look to outweigh the strength of black's
bishop pair, especially the monster on b7.}) 12... Nf6 {Tisdall: I have always
admired the energy and inventiveness that Hector shows in classical e-pawn
openings, and his handling of the late opening/early middlegame here is a good
example of why. The Swede finds very clever ways to develop his odd kingside
in this game. However,} (12... cxd4 {Tisdall: was a much safer option.}) 13.
Nc2 {Tisdall: White rightly rejects the straightforward} (13. Bg5 {Tisdall:
since it is hard to imagine that this will do much more than help black open
lines on the kingside.} h6 14. Bxf6 (14. Bh4 $6 g5 (14... Qe6 $5) 15. Nxg5 {
Tisdall: Anything else is a waste of time, but this is, of course, too
provocative.} hxg5 16. Bxg5 Rg8 $1 (16... Bg7 17. Bxf6 Bxf6 18. Qg4+) 17. Bxf6
(17. h4 Qe6) 17... Rxg2+ (17... Bxg2 $11) 18. Kf1 Qe6 19. Bxd8 Qh3 20. d5 (20.
Ke1 Bh6 21. Qf1 Qxh2) 20... Bh6 {Tisdall: should give black a decisive attack.}
) 14... gxf6 15. dxc5 {Tisdall: is more sensible, striving to create
counterplay before black completes his development. But with both bishops
active, white's position is treacherous;} Bg7 $2 (15... Rxd1+ 16. Rxd1 Rg8 {
Tisdall: and black's forces generate pressure in all directions.} (16... fxe5
17. Qxe5 Rg8 $5)) 16. Nd4 {Tisdall: and white shuts down the bishop pair and
gains the upper hand.}) 13... Nd5 14. a4 $1 c4 (14... b4 {is the safer path})
15. axb5 axb5 16. Bd2 {Tisdall: A necessary preliminary to further line
opening with b3. Black's control of the central light squares and his bishop
on b7 are very impressive, but his king is a bit breezy.} Rg8 {Hansen,S (2460)
-Hector,J (2540) Reykjavik zt 1995 (7) 0-1 Tisdall: At this point I was
reminded of an earlier experience watching Hector cook up confusion in a
supposedly quiet Spanish backwater. His game against Sune Berg Hansen is worth
a look: 11...Rg8!} 17. Ra7 (17. Ra5 $5 {Tisdall Tisdall: may be more to the
point. If black has to defend b5 with the queen then it will be harder to
advance on the kingside.} Bc6 18. Na3 {and it seems to me that white is
gaining some initiative.}) 17... g5 {Tisdall: Preparing to stake out some
space, even more light-square control, and in some instances to lift the rook
into action.} 18. b3 {Tisdall: The most confrontational continuation, white
could prepare this further by inserting} (18. Rda1 {Tisdall} g4 19. Nfe1) 18...
g4 19. Nfe1 c3 20. Rxb7 $5 (20. Be3 Qd7 21. Ra5 b4 22. Rda1 Qc6 $13) (20. Qxb5
{Tisdall} c6) (20. Bc1 {Tisdall} Qd7 21. Nd3 Qc6 {Tisdall: is also very murky,
though white seems shorter of plans than black. Djurhuus's decision to give up
the exchange and remove two of black's main trumps seems very understandable.})
20... Kxb7 (20... cxd2 $2 21. Qxb5 dxe1=Q+ 22. Rxe1 Nb6 23. Qa6 $18) 21. Qxb5+
Nb6 22. Bxc3 $13 Qd7 (22... Rd5 {Tisdall} 23. Qd3 {Tisdall: and white
threatens Nb4 as well as Ne3 setting his center in motion.}) 23. Qd3 (23. Qxd7
{Tisdall} Rxd7 24. Nd3 $5 {Tisdall: gives white good compensation for the
exchange, though a more definite assessment is very difficult. The players in
the post mortem did not seem terribly decisive either.} (24. Ne3 Nd5 25. Nxd5
Rxd5 {Tisdall: looks slightly better for black.})) 23... Nd5 24. Bd2 (24. Ne3 {
Tisdall Tisdall: looks better - with the queens still on the board it is even
more vital to try and wrest the d5-square from black control.} Nxe3 (24... Rg6
25. N1c2 {Tisdall: gives black problems with maintaining a hold on the center.}
) 25. Qxe3 (25. fxe3 {Tisdall: is also possible, though white must beware of
ideas with ...Bh6 and ...g3.}) 25... Qd5 26. Qd3 Rg6 27. Nc2 {Tisdall: and
white 's position is imporving since the pawn snatch} Qxb3 28. Ne3 {is
perilous for black.}) 24... Rg6 25. Qe4 {Tisdall: White is losing the thread
and begins wasting time.} (25. Ne3 {Tisdall Tisdall: was still a good move.})
25... f5 26. Qe2 (26. exf6 {Tisdall} Re8 27. Qd3 Rxf6 {Tisdall: only activates
the enemy forces.}) 26... Rb6 27. Rb1 (27. Qc4 $5 {Tisdall}) 27... c5 {Tisdall:
A staggering move, difficult to punctuate, that seems to unglue his entire
position. However, with time pressure approaching, it proves to be terribly
effective.} 28. dxc5 $2 {Tisdall: White tries to improve his position before
grabbing material, but this is based on a miscalculation. The direct} (28. Ba5
$5 Ra6 (28... Rb5 $2 29. Bxd8 Nc3 30. Qd3 Nxb1 31. e6 Qe8 32. e7 Bg7 33. Ne3
$18) 29. Bxd8 Nc3 30. Qd3 (30. Qc4 $5 {Tisdall} Nxb1 31. Bg5 (31. dxc5 Qxd8 32.
Nb4 (32. Qb5+ Ka7 33. Nb4 Re6) 32... Ra1 {Tisdall: and black seems to weather
the storm, e.g.} 33. c6+ Kc8 34. Qf7 Be7 (34... Qe7 35. Qxf5+ Kb8 36. c7+) 35.
Qe6+ Kb8 36. c7+ Kxc7 37. Nd5+ Kb8 38. Nxe7 Nd2 $1) 31... cxd4 32. Nxd4 Na3 {
Tisdall: and the confusion continues, though black's exposed king must give
white his full share after the chances, after say} 33. e6 $5) 30... Nxb1 31.
dxc5 Qxd3 32. Nxd3 Ra2 33. Nce1 $14) 28... Bxc5 29. Nd3 (29. Ba5 {Tisdall} Rc6
(29... Ra6 30. Bxd8 Nc3 31. Qd3 $1) 30. Rd1 $5 {Tisdall: looks awkward but
black has adequate resources here as well.} (30. Bxd8 Nc3 31. Qd3 (31. Qf1 Nxb1
32. Qb5+ Kc8) 31... Qxd3 32. Nxd3 Nxb1 {Tisdall: and black has control.}) 30...
Bb6 {and if} 31. Nb4 Bxa5 32. Rxd5 Qxd5 33. Nxd5 Rxd5 {Tisdall: is better for
black since white's remaining pieces are so poorly placed.}) 29... Be7 30. Ba5
{Tisdall: Optically white has coordinated his forces now but in fact the
knight on d3 is fatally exposed.} (30. Nd4 {Tisdall Tisdall: would leave
things completely undecided.}) 30... Nc3 $1 $17 (30... Ra6 $2 31. Bxd8 Nc3 32.
Qd2 Nxb1 33. Nc5+ $1 $18) 31. Qe3 {Tisdall: This was white's point, missing...}
(31. Bxc3 Qxd3 32. Qxd3 Rxd3 $17) 31... Qb5 $1 {Tisdall: ...and suddenly
Hector has glued everything together again. White cannot avoid losing material.
} 32. Bxc3 $2 (32. Qxb6+ Qxb6 33. Bxb6 Kxb6 (33... Rxd3 {Tisdall}) 34. Ra1 Rxd3
35. Ne3 Bc5 36. Nxf5 Ne4 $17) (32. Nc5+ $1 {Tisdall Tisdall: is perhaps the
least lost, but black has many choices here:} Qxc5 (32... Bxc5 33. Qxc3 Rc6 34.
Qe1 Bxf2+ 35. Qxf2 Qxa5) 33. Qxc5 Bxc5 34. Bxc3 Rd3 $17 (34... Rc6 $5)) 32...
Rxd3 33. Qe1 Qc5 $19 34. Bb4 Rxb4 35. Nxb4 Qxb4 36. Qc1 Qd2 37. Qf1 f4 38. b4
f3 39. h3 h5 40. g3 Qe2 0-1

[Event "RUS-ch"]
[Site "Elista"]
[Date "1994.??.??"]
[Round "5"]
[White "Ivanov, Victor L"]
[Black "Bezgodov, Alexei"]
[Result "1-0"]
[WhiteElo "2385"]
[BlackElo "2440"]
[Annotator "Wedberg,T"]
[PlyCount "75"]
[EventDate "1994.09.??"]
[EventType "swiss"]
[EventRounds "11"]
[EventCountry "RUS"]
[SourceTitle "CBM 044"]
[Source "ChessBase"]
[SourceDate "1995.02.01"]
[SourceVersion "1"]
[SourceVersionDate "1995.02.01"]
[SourceQuality "1"]

1. e4 {Belov} e5 2. Nf3 Nc6 3. Bb5 a6 4. Bxc6 dxc6 5. O-O Ne7 6. Nxe5 Qd4 7.
Qh5 (7. Nf3 {Belov} Qxe4 8. Nc3 Qg6 9. Ne5 Qf5 10. Re1 h5 $1 11. d4 Be6 12. Ne4
Rd8 $10 {Rozentalis,E-Piket,J/Groningen/1992/0:1/42/}) 7... g6 8. Qg5 (8. Nf3
Qxe4 9. Qa5 Bg4 (9... b6 10. Qc3 Rg8 11. Re1 Qd5 12. d4 Be6 13. Ng5 Bg7 14. Qg3
O-O-O 15. Nxe6 fxe6 16. Qa3 Bxd4 17. Qxe7 Qf5 18. Qh4 Rgf8 19. Be3 Bxb2 $13 {
Rausis,I-Nei,I/Cappelle/1993}) (9... Qf4 10. d3 Qd6 11. Nbd2 Nd5 12. Ne4 Qb4
13. Qxb4 Nxb4 14. Bd2 Be7 $10 {Timman,J-Nikolic,Pr/Brussels SWIFT/1988}) 10. d3
Qf5 11. Qxc7 Bxf3 12. gxf3 Qxf3 13. Re1 Qg4+ 14. Qg3 Qxg3+ 15. hxg3 $10 {
Sanchez Almeyra,J-Alvarez Ibarra,DR/Capablanca mem-B/1993}) 8... Bg7 9. Nd3 f5
10. e5 c5 (10... Nd5 $5 {Belov Keres}) 11. b3 b6 {N} (11... h6 12. Qe3 f4 13.
Qxd4 (13. Qf3 Bf5 14. Qxb7 $5 Be4 15. Qxc7 Bxd3 16. cxd3 Bxe5 17. Qb7 Rb8 18.
Qxa6 f3 $13 {Timman,J-Short,N/ESP(m/9)/1993/0:1/39/}) 13... cxd4 14. Nxf4 Bxe5
15. d3 Kf7 16. Re1 (16. Ne2 Nd5 17. Nd2 c5 18. Ne4 b6 19. Bd2 $14 {Nielsen,
PH-Kruppa,Y/Minsk/1993} (19. Bd2 {Belov} Bg4 20. N2g3 $16 {Nielsen,Pe-Kruppa,Y/
Minsk/1993/})) 16... Nc6 17. a3 Re8 18. Ne2 g5 19. Nd2 Kg6 $2 20. f4 $1 $16 {
Ivanov,Vi-Belotelov,D/Moscow-ch/1994}) (11... Qxa1 {Belov} 12. Nc3 b6 13. Bb2
Qxf1+ 14. Kxf1 $16) 12. Qe3 (12. Bb2 Qd5 13. Nc3 Qc6 $13 {/\ Bb7, h6, 0-0-0})
12... Qxa1 $5 (12... Qd5 13. c4 Qc6 14. Nc3 Bb7 15. Nf4 $16 {/\ Nd5}) (12... f4
{Belov} 13. Qf3 Rb8 14. Bb2 $16) 13. Nc3 Bb7 14. Bb2 Qxf1+ 15. Kxf1 O-O-O 16.
Ne2 Nd5 (16... Kb8 $5 {Belov}) 17. Qh3 Kb8 18. c4 Ne7 (18... Nb4 {Belov} 19.
Nxb4 Rxd2 (19... cxb4 20. d4 $16) 20. Nd3 $8 Rd8 21. Nef4 Be4 22. Qxh7 $16) 19.
Nef4 Bc8 20. Qh4 Nc6 21. Nd5 Rde8 22. Qf4 Nd8 $2 (22... Be6 $142 $32) 23. Nxc7
$1 $16 Kxc7 (23... Ne6 {Belov} 24. Nxe6 Bxe6 25. Qf3 $16) 24. e6+ Kb7 25. Bxg7
Rhg8 26. Qh6 Nxe6 27. Bf6 Nf8 28. Nf4 Be6 (28... Bd7 {Belov} 29. Nd5 Bc6 30.
Ne7 $18) 29. Qh3 {/\ Qf3 ->} g5 (29... Bd7 30. Qd3 Bc6 31. Qd6 Nd7 32. Nd5 $18)
(29... Ka7 $32 {Belov} 30. Qf3 Nd7) 30. Nxe6 Nxe6 (30... Rxe6 {Belov} 31. Qxf5)
31. Qxh7+ Ka8 32. Qxf5 $18 g4 33. Qd5+ Ka7 34. Qd7+ Ka8 35. Be7 Nd4 36. b4 Rb8
(36... cxb4 {Belov} 37. Qxd4 Rxe7 38. Qd5+ $18) 37. bxc5 bxc5 38. Qd5+ 1-0

[Event "Minsk"]
[Site "Minsk"]
[Date "1993.??.??"]
[Round "?"]
[White "Nielsen, Peter Heine"]
[Black "Kruppa, Yuri"]
[Result "1/2-1/2"]
[WhiteElo "2440"]
[BlackElo "2475"]
[Annotator "Wedberg,T"]
[PlyCount "96"]
[EventDate "1993.03.??"]
[EventType "tourn"]
[EventRounds "11"]
[EventCountry "BLR"]
[EventCategory "9"]
[SourceTitle "CBM 036"]
[Source "ChessBase"]
[SourceDate "1993.10.01"]
[SourceVersion "1"]
[SourceVersionDate "1993.10.01"]
[SourceQuality "1"]

1. e4 e5 2. Nf3 Nc6 3. Bb5 a6 4. Bxc6 dxc6 5. O-O Ne7 6. Nxe5 Qd4 7. Qh5 g6 8.
Qg5 Bg7 9. Nd3 f5 10. e5 c5 11. b3 h6 12. Qe3 f4 13. Qxd4 (13. Qf3 {
Timman-Short, San Lorenzo (m9) 1993}) 13... cxd4 14. Nxf4 Bxe5 15. d3 $146 (15.
Nd3 Bf6 16. Nc5 Kf7 {~/= Szmetan-Bravo, Fortaleza 1975}) 15... Kf7 (15... O-O
16. Ba3 Bxf4 17. Bxe7 Re8 18. Bc5 $16) 16. Ne2 Nd5 17. Nd2 c5 (17... Nb4 18.
Bb2 (18. Nf3 $6 Bf6 19. Bb2 (19. Bd2 a5 20. a3 Nd5 $44) 19... Bg4 $1 $10) 18...
c5 (18... Nxc2 19. Rac1 Nb4 20. Bxd4 Bxd4 21. Rxc7+ $16) 19. a3 Nd5 20. Ne4 b6
$14) 18. Ne4 b6 19. Bd2 $14 Bg4 20. N2g3 Bc7 21. Rfe1 a5 22. a4 Rad8 23. f3 Bc8
24. Re2 Rde8 25. Rae1 Bb7 26. Kf1 Bb8 27. Nf2 Rxe2 28. Rxe2 Bc8 29. Nge4 Kg7
30. g3 Rf8 31. Kg2 Re8 32. Nc3 Rxe2 33. Nxe2 g5 34. h4 gxh4 35. g4 Bc7 36. Kh3
Bd8 37. Nf4 Nxf4+ 38. Bxf4 Kg6 39. Ne4 h5 40. Bd2 hxg4+ 41. fxg4 Bb7 42. Be1 c4
$1 $10 43. Nd6 (43. bxc4 Bc6 $13) 43... cxd3 44. cxd3 (44. Nxb7 $4 dxc2 45. Bd2
Bg5 $19) 44... Bf3 45. Nc4 Be2 46. Bxh4 Bf1+ 47. Kg3 Bc7+ 48. Kf3 Bxd3 (48...
Bxd3 49. Bd8 Bxc4 (49... Bxd8 $2 50. Ne5+ Kg5 51. Nxd3 $16) 50. Bxc7 Bxb3 51.
Bxb6 Bxa4 52. Bxa5 $10) 1/2-1/2

[Event "Pamplona 9394 4th"]
[Site "Pamplona"]
[Date "1993.??.??"]
[Round "7"]
[White "De la Villa Garcia, Jesus Maria"]
[Black "Leko, Peter"]
[Result "1/2-1/2"]
[WhiteElo "2440"]
[BlackElo "2555"]
[Annotator "Wedberg,T"]
[PlyCount "59"]
[EventDate "1993.12.??"]
[EventType "tourn"]
[EventRounds "9"]
[EventCountry "ESP"]
[EventCategory "10"]
[SourceTitle "CBM 039"]
[Source "ChessBase"]
[SourceDate "1994.04.01"]
[SourceVersion "1"]
[SourceVersionDate "1994.04.01"]
[SourceQuality "1"]

1. e4 e5 2. Nf3 Nc6 3. Bb5 a6 4. Bxc6 dxc6 5. O-O Qd6 6. Na3 b5 7. c3 c5 8. Nc2
Ne7 9. d4 cxd4 10. cxd4 exd4 11. Nfxd4 c5 12. Nb3 Qxd1 13. Rxd1 c4 14. Na5 Ng6
15. b3 $5 {N} (15. Be3 Be7 16. Nc6 Bf6 17. Bd4 Bxd4 18. Rxd4 O-O {=
Malisauskas-Huebner/Biel(izt) 1993/CBM37}) 15... cxb3 16. axb3 Be7 17. Ba3 Bxa3
18. Rxa3 O-O 19. Ne3 f5 $5 20. exf5 Bxf5 21. Rd6 Rae8 22. Rxa6 Bd3 $132 23. Ra1
Nf4 24. Nb7 Ne2+ 25. Kh1 Rxf2 26. Ra8 Rff8 27. Rxe8 Rxe8 28. Nd6 Rd8 29. Nb7
Re8 30. Nd6 1/2-1/2

[Event "Skei"]
[Site "Skei"]
[Date "1993.??.??"]
[Round "6"]
[White "Djurhuus, Rune"]
[Black "Sahl, Bjarke"]
[Result "1/2-1/2"]
[WhiteElo "2485"]
[BlackElo "2445"]
[Annotator "Wedberg,T"]
[PlyCount "122"]
[EventDate "1993.??.??"]
[EventType "tourn"]
[EventRounds "9"]
[EventCountry "NOR"]
[EventCategory "10"]
[SourceTitle "CBM 036"]
[Source "ChessBase"]
[SourceDate "1993.10.01"]
[SourceVersion "1"]
[SourceVersionDate "1993.10.01"]
[SourceQuality "1"]

1. e4 e5 2. Nf3 Nc6 3. Bb5 a6 4. Bxc6 bxc6 5. d4 (5. Nc3 d6 (5... Bb4 $5 {
Larsen}) 6. d4 f6 7. Be3 {+/- White is a tempo up on 1.e4 e5 2.Nf3 Nc6 3.Bb5
a6 4.Ba4 d6 5.Bxc6+ bxc6 6.d4, which by the way is a good line for White.})
5... exd4 6. Qxd4 Qf6 7. O-O $6 (7. e5 Qg6 8. O-O Bb7 9. Nbd2 O-O-O 10. Nb3 c5
11. Qc3 f6 {+/= Krogius-Lutikov, URS 1955}) 7... Qxd4 8. Nxd4 Ne7 $146 (8...
Nf6 9. Nc3 Rb8 {= ECO}) 9. c4 g6 10. Bd2 Bg7 11. Bc3 O-O $10 12. f4 $6 d5 13.
Re1 dxe4 14. Rxe4 Nf5 15. Nb3 Nd6 16. Bxg7 Kxg7 17. Rd4 Rb8 18. N1d2 Re8 19.
Kf2 Be6 20. Re1 c5 $1 21. Rd3 a5 22. a4 Bxc4 23. Rxe8 Rxe8 24. Nxc4 Nxc4 25.
Nxc5 Nxb2 26. Rb3 Nc4 27. Rb7 Re7 28. Ra7 $15 h5 29. g3 h4 30. g4 Ne3 31. Kf3
Nc4 32. g5 Re3+ 33. Kf2 Re7 34. Kf3 Re3+ 35. Kf2 Re7 36. Ra6 h3 37. Ra7 f6 38.
Ne6+ Kf7 39. Nd8+ Kg7 40. Nc6 Rd7 41. Kg3 fxg5 42. fxg5 Nb6 43. Ne5 Re7 44.
Rxa5 Nxa4 45. Kf4 Nb6 46. Rc5 Nc8 47. Rc3 Nd6 48. Rxh3 Nf7 49. Nxf7 Rxf7+ 50.
Ke4 Rf5 51. Rg3 Kf7 52. h4 Ke6 53. Rc3 c5 54. Ra3 Re5+ 55. Kf4 Kd5 56. Rd3+ Ke6
57. Rd8 Rf5+ 58. Kg4 Rf1 59. Re8+ Kd5 60. Rd8+ Ke4 61. Re8+ Kd5 1/2-1/2

[Event "Riga Tal Memorial"]
[Site "Riga"]
[Date "1995.??.??"]
[Round "10"]
[White "Timman, Jan H"]
[Black "Short, Nigel D"]
[Result "0-1"]
[WhiteElo "2635"]
[BlackElo "2655"]
[Annotator "Wedberg,T"]
[PlyCount "68"]
[EventDate "1995.04.??"]
[EventType "tourn"]
[EventRounds "11"]
[EventCountry "LAT"]
[EventCategory "17"]
[SourceTitle "CBM 047"]
[Source "ChessBase"]
[SourceDate "1995.08.01"]
[SourceVersion "1"]
[SourceVersionDate "1995.08.01"]
[SourceQuality "1"]

1. e4 e5 2. Nf3 Nc6 3. Bb5 a6 4. Bxc6 dxc6 5. O-O Qd6 6. Na3 b5 7. c3 c5 8. d4
(8. Nc2) 8... cxd4 9. cxd4 exd4 10. Nxd4 c5 {N} (10... Bb7 {Anand,V-Short,N/
Riga Tal(01)/1995}) 11. Nb3 Qxd1 12. Rxd1 Nf6 13. f3 $6 {Chess laziness.} (13.
Bg5 Be6 (13... Nxe4 $4 14. Re1 $18) (13... c4 14. Nd4 Bxa3 15. bxa3 O-O 16.
Bxf6 gxf6 17. Rac1 $14) (13... Nd7 14. Rac1 $14) 14. Bxf6 gxf6 15. Rac1 Rc8 16.
Nb1 $14) 13... Be6 14. Be3 Nd7 15. Nb1 Rc8 16. Nc3 c4 17. Nd4 Ne5 18. Nxe6 fxe6
19. Ne2 Kf7 20. Bd4 Nd3 21. Rab1 $6 {Loss of important time.} (21. b3 {/\a4, /
\bxc4}) 21... Be7 22. b3 e5 23. Be3 Rhd8 24. bxc4 Rxc4 $1 $17 {Perhaps white
only considered bxc4.} (24... bxc4 $2 25. Nc3 $132) 25. Kf1 Rc2 26. a4 b4 27.
a5 Nb2 28. Rxd8 (28. Rdc1 Nc4 $1 29. Kf2 Nxe3 30. Kxe3 Bc5+ $19) 28... Bxd8 29.
Bb6 Bg5 30. g3 b3 31. f4 Nc4 $1 $19 32. Rxb3 Nd2+ 33. Ke1 Nxb3 34. fxg5 Rc4 0-1

[Event "Reggio Emilia 9495 37th"]
[Site "Reggio Emilia"]
[Date "1994.??.??"]
[Round "4"]
[White "Tatai, Stefano"]
[Black "Romanishin, Oleg M"]
[Result "1-0"]
[WhiteElo "2430"]
[BlackElo "2605"]
[Annotator "Wedberg,T"]
[PlyCount "81"]
[EventDate "1994.12.??"]
[EventType "tourn"]
[EventRounds "11"]
[EventCountry "ITA"]
[EventCategory "10"]
[SourceTitle "CBM 045"]
[Source "ChessBase"]
[SourceDate "1995.04.01"]
[SourceVersion "1"]
[SourceVersionDate "1995.04.01"]
[SourceQuality "1"]

1. e4 e5 2. Nf3 Nc6 3. Bb5 a6 4. Bxc6 dxc6 5. O-O Qd6 6. d3 (6. c3 Bg4 7. h3
Bxf3 8. Qxf3 O-O-O 9. Qxf7 Nf6 10. d4 exd4 11. cxd4 Qxd4 12. Nc3 Bb4 13. Be3
Qd7 $10 {Gipslis,A}) 6... f6 7. Be3 Ne7 8. Nbd2 Ng6 9. d4 $146 (9. Nc4 Qe6 10.
c3 a5 11. a4 Bd6 12. Nxd6+ cxd6 13. d4 $14 {Beljavsky,A-Ree,H/Suhumi/1972})
9... Be7 10. c4 O-O 11. c5 Qe6 12. Qc2 Qg4 13. Rfe1 Kh8 14. h3 Qh5 15. b4 Bxh3
$6 (15... a5 16. a3 Be6 $13) 16. gxh3 Qxh3 17. Qc4 $1 f5 18. dxe5 Rad8 19. Qf1
Qh5 20. exf5 Rxf5 21. Qg2 Rdf8 22. Nh2 Bg5 $6 (22... Nxe5 $16) 23. Ne4 Nh4 24.
Qg3 Bf4 25. Bxf4 Rxf4 26. e6 $18 Nf3+ 27. Nxf3 Rg4 28. Ne5 Rxg3+ 29. Nxg3 Qh4
30. e7 Re8 31. Re4 Qf6 32. Rae1 Kg8 33. Nc4 g6 34. Na5 h5 35. Nxb7 h4 36. Nf1
Qg5+ 37. Kh2 Qf5 38. R1e2 g5 39. Nd2 g4 40. Nd8 h3 41. Nxc6 1-0

[Event "Belgrade-Moscow"]
[Site "Belgrade"]
[Date "1998.01.28"]
[Round "1"]
[White "Smyslov, Vassily V"]
[Black "Gligoric, Svetozar"]
[Result "1/2-1/2"]
[WhiteElo "2515"]
[BlackElo "2480"]
[Annotator "Wedberg,T"]
[PlyCount "60"]
[EventDate "1998.01.28"]
[EventType "team"]
[EventRounds "2"]
[EventCountry "YUG"]
[SourceTitle "CBM 064"]
[Source "ChessBase"]
[SourceDate "1998.06.02"]
[SourceVersion "1"]
[SourceVersionDate "1998.06.02"]
[SourceQuality "1"]
[WhiteTeam "Moscow"]
[BlackTeam "Belgrade"]
[WhiteTeamCountry "RUS"]
[BlackTeamCountry "YUG"]

{A game between two of the greats of modern chess. According to Mega 98ґ they
played their first game in 1947. A draw, just like this one 51 years later.} 1.
e4 e5 2. Nf3 Nc6 3. Bb5 a6 4. Bxc6 dxc6 5. d4 exd4 6. Qxd4 {Smyslov, 77, plays
a simplifying opening against his two years younger opponent.} Qxd4 7. Nxd4 Bd6
8. Nc3 Ne7 9. Be3 (9. O-O O-O 10. f4 Re8 11. Nb3 f6 12. f5 {was the start of a
very famous game: Lasker,E-Capablanca,J/St.Petersburg f 1914. Lasker
eventually won the game and the tournament.}) 9... O-O 10. O-O-O f5 11. f3 fxe4
$146 {Simple and clearly good for a draw.} (11... f4 12. Bf2 Ng6 13. Kb1 Ne5
14. Nb3 a5 15. Nc1 a4 $13 {1/2-1/2 Trampuz,C-Truta,S/SLO-chT sf 1996/EXT 96ch2
(29)}) 12. Nxe4 Nd5 13. Bf2 Nf4 14. Nxd6 (14. g3 Ne6 15. Rhf1 Nxd4 16. Bxd4 Be6
17. Bc5 Bxc5 18. Nxc5 Bc4 $11) 14... cxd6 15. Bg3 Nxg2 16. Bxd6 Re8 17. h4 Ne3
18. Rde1 Bd7 19. b3 Nf5 20. Nxf5 Bxf5 21. Re5 {Solid play by both - the draw
is well earned.} Rxe5 22. Bxe5 Re8 23. f4 Re6 24. Rg1 Rg6 25. Rxg6 Bxg6 26. Kd2
Kf7 27. a4 Bf5 28. a5 Kg6 29. c3 Kh5 30. Bxg7 Kxh4 1/2-1/2